000 00927nam a22003017a 4500
001 BR9403027
003 BR-BrBNA
005 20230928094203.0
007 ta
008 230509b bl.||||| |||| 00| 0 por d
040 _aBR-BrBNA
_bpor
_cBiblioteca Nacional de Agricultura
041 _a(Por)
072 _aL73
_b5214
_b4110
090 _ 5214 BR9403027
100 1 _aMoreira, E.C.
110 1 _aUniversidade Federal de Minas Gerais, Belo Horizonte (Brasil). Escola de Veterinaria
_0Tese (Doutorado)
245 1 _aAvaliacao de metodos para erradicacao de leptospiroses em bovinos leiteiros
260 3 _aBelo Horizonte, MG (Brasil):
_c1994.
300 _a110 p.
500 _a45 ref.; Summaries (Eng, Por); 16 tables; 28 graphs
650 _aGado Leiteiro
650 _aLeptospirose
650 _aInfeccao
650 _aVacina
650 _aErradicacao
909 _a202309
_bLucia
_c55
_dLucia Elande
942 _cBK
999 _c49283
_d49283